000 01186nam a2200289Ia 4500
003 OSt
005 20221005105616.0
006 a|||||r|||| 00| 0
007 ta
008 221004b |||||||| |||| 00| 0 hin d
020 _a9788123718972 (pbk)
_cINR 100.00
024 _a37970
037 _bBW/1662, 14/03/2018, Bookwell
_cTextual
040 _aCRL
_cCRL
_bhin
041 _2hin
_ahin
082 _aV2:51xN10x, 152Q7
100 _aकेलकर, इंदुमति
245 0 _aराममनोहर लोहिया
246 _aRāmamanohar lohiyā
260 _aनई दिल्ली
_bराष्ट्रीय पुस्तक न्यास भारत
_c2017
300 _a193पृ0
_ccm.
650 _a स्वतंत्रता सेनानी
650 _aभारत-इतिहास
_9156353
700 _a केलकर, श्रीपाद कृष्ण, संपा.
_9168680
942 _hV2:51xN10x, 152Q7
_cTEXL
_2cc
999 _c1016335
_d1016335